书目信息 |
| 题名: |
中国手语构词研究
|
|
| 作者: | 刘润楠 著 | |
| 分册: | ||
| 出版信息: | 北京 首都经济贸易大学出版社 2015.06 |
|
| 页数: | 226页 | |
| 开本: | 24cm | |
| 丛书名: | ||
| 单 册: | ||
| 中图分类: | H126.3 | |
| 科图分类: | ||
| 主题词: | 手势语--研究--中国 | |
| 电子资源: | ||
| ISBN: | 978-7-5638-2372-7 | |
| 000 | 00908nam0 2200253 450 | |
| 001 | 0120161758149 | |
| 005 | 20160704085023.59 | |
| 010 | @a978-7-5638-2372-7@dCNY39.00 | |
| 100 | @a20150914d2015 em y0chiy50 ea | |
| 101 | 0 | @achi |
| 102 | @aCN@b110000 | |
| 105 | @aak z 000yy | |
| 106 | @ar | |
| 200 | 1 | @a中国手语构词研究@9zhong guo shou yu gou ci yan jiu@f刘润楠著 |
| 210 | @a北京@c首都经济贸易大学出版社@d2015.06 | |
| 215 | @a226页@c图@d24cm | |
| 300 | @a教育部人文社会科学研究青年基金项目 | |
| 330 | @a《中国手语构词研究》借鉴有声语言提取音位的对比法,从调查的893个常用北京手语词和1093个常用上海手语词中分两步提取手语语素,并对手势内部和多手势手语词固有的构词以及受汉语影响的构词进行探讨和分析。 | |
| 333 | @a手语研究人员 | |
| 606 | 0 | @a手势语@x研究@y中国 |
| 690 | @aH126.3@v5 | |
| 701 | 0 | @a刘润楠@9liu run nan@4著 |
| 801 | 0 | @aCN@b人天书店@c20151123 |
| 905 | @b880394-99@dH126.3@e34@f6 | |
| 中国手语构词研究/刘润楠著.-北京:首都经济贸易大学出版社,2015.06 |
| 226页:图;24cm |
| 教育部人文社会科学研究青年基金项目.-使用对象:手语研究人员 |
| ISBN 978-7-5638-2372-7:CNY39.00 |
| 《中国手语构词研究》借鉴有声语言提取音位的对比法,从调查的893个常用北京手语词和1093个常用上海手语词中分两步提取手语语素,并对手势内部和多手势手语词固有的构词以及受汉语影响的构词进行探讨和分析。 |
| ● |
| 相关链接 |
|
|
|
|
正题名:中国手语构词研究
索取号:H126.3/34
 
预约/预借
| 序号 | 登录号 | 条形码 | 馆藏地/架位号 | 状态 | 备注 |
| 1 | 880394 | 208803945 | 第二样本阅览室/ [索取号:H126.3/34] | 在馆 | |
| 2 | 880395 | 208803954 | 教育系资料室/ [索取号:H126.3/34] | 在馆 | |
| 3 | 880396 | 208803963 | 教育系资料室/ [索取号:H126.3/34] | 在馆 | |
| 4 | 880397 | 208803972 | 教育系资料室/ [索取号:H126.3/34] | 在馆 | |
| 5 | 880398 | 208803981 | 第四借阅区/ [索取号:H126.3/34] | 在馆 | |
| 6 | 880399 | 208803990 | 第四借阅区/ [索取号:H126.3/34] | 在馆 |